01627nam a22002417a 4500003000900000005001700009008004100026040002800067100004200095245029100137260003600428300004300464502017500507504005300682505023700735650005800972650006001030650004901090651005401139700004201193700004401235830010601279DO-SdBJH20191031231557.0180619b ||||| |||| 00| 0 spa d aDO-SdBJHbspacDO-SdBJH1 aMartins Moura, Rogérioesustentante10aLecciones aprendidas de las incidencias de las operaciones de pacificación conjuntas e interagenciales ejecutadas pro el Ejército de Brazil en la ciudad de Río de Janeiro, 2010-2015 / cRogério Martins Moura, asesores Miguel Enrique Peña Acosta, María Cristina Ortiz Monagas aSanto Domingo :bINSUDE, c2016 ax, 83 páginas, ilustraciones-figuras aTesis (Especialidad de Comando y Estado Mayor Conjunto) -- Instituto Superior para la Defensa (INSUDE). – Escuela de Graduados de Comando y Estado Mayor Conjunto, 2016. aIncluye referencias bibliográficas e índices aLa situación de seguridad y el empleo de las Fuerzas Armadas. -- Las protecciones legales para el empleo del Ejército de Brasil en las operaciones de pacificación. -- Lecciones aprendidas en la conducción de las operaciones 4aSituación de seguridad -- Fuerzas Armadas -- Crisis 4aProtecciones legales -- Empleo del Ejército de Brasil 4aOperaciones de pacificación -- Logística aBrasil. Ejército --- Ciudad de Río de Janeiro1 aPeña Acosta, Miguel Enriqueeasesor1 aOrtiz Monagas, María Cristinaeasesor aINSUDE. Escuela de Graduados de Comando y Estado Mayor Conjunto. Tesis y disertaciones académicas